Have you seen birds?

Kaydedildi:
Detaylı Bibliyografya
Asıl Yazarlar: Oppenheim, Joanne (Yazar), Reid, Bárbara (Yazar)
Materyal Türü: Kitap
Dil:İngilizce
Baskı/Yayın Bilgisi: Ottawa North Winds Press 1986
Konular:
Etiketler: Etiketle
Etiket eklenmemiş, İlk siz ekleyin!

MARC

LEADER 00000nam a2200000 a 4500
001 UCW3862
003 CL-VaPUC
008 890425e19860000CN |||||||||||||||||eng|d
082 0 4 |a 598.2  |b OPP  |2 21 
100 0 |a Oppenheim, Joanne  |e author  |9 308267 
700 0 |a Reid, Bárbara  |e author  |9 308268 
245 1 0 |a Have you seen birds? 
300 |a 32 p 
942 |c BK 
945 |d 19890425 00:00:00 
260 |a Ottawa  |b North Winds Press  |c 1986 
650 7 |a AVES ENSEÑANZA  |2 CL-VaPUC  |9 308269 
650 0 |a Ornitología  |9 269493 
583 |a last modification  |c 20120531 07:55:28  |k Rodrigo Vera 
999 |c 217736  |d 217734 
952 |0 0  |1 0  |4 0  |6 598_200000000000000_OPP_1986  |7 0  |8 P  |9 205886  |a BIBEDU  |b BIBEDU  |c BIBEDU_PB  |d 2019-11-15  |i 2738414  |o 598.2 OPP 1986  |p 2738414  |r 2024-01-25  |w 2019-11-15  |y BK  |k EDU